[Event "World Rapid 2025"]
[Site "Doha QAT"]
[Date "2025.12.26"]
[Round "4.13"]
[White "Hovhannisyan, Robert"]
[Black "Van Foreest, Jorden"]
[Result "1/2-1/2"]
[WhiteTitle "GM"]
[BlackTitle "GM"]
[WhiteElo "2621"]
[BlackElo "2692"]
[WhiteFideId "13302507"]
[BlackFideId "1039784"]
[EventDate "2025.12.26"]
[EventType "rapid"]

1. e4 c6 2. d4 d5 3. Nc3 dxe4 4. Nxe4 Bf5 5. Ng3 Bg6 6. h4 h6 7. Nf3 Nd7 8. h5
Bh7 9. Bd3 Bxd3 10. Qxd3 e6 11. Bd2 Ngf6 12. O-O-O Qb6 13. Ne4 Rd8 14. Kb1 Qb5
15. Nxf6+ Nxf6 16. Qxb5 cxb5 17. c3 Bd6 18. Rde1 a5 19. Ne5 O-O 20. g4 Nd5 21.
f4 b4 22. g5 bxc3 23. bxc3 Rc8 24. Rh3 Bxe5 25. Rxe5 Rc6 26. Rg3 hxg5 27. Rexg5
g6 28. hxg6 f5 29. Rh3 Rfc8 30. g7 Kf7 31. g8=Q+ Rxg8 32. Rh7+ Kf8 33. Rxb7 Rxg5
34. fxg5 Nxc3+ 35. Kb2 Ne4 36. Bf4 Nf2 37. Kb3 a4+ 38. Kxa4 Rc4+ 39. Kb5 Rxd4
40. Be3 Rd5+ 41. Kb6 Nd3 42. g6 f4 43. Bxf4 Nxf4 44. Rf7+ Ke8 45. Rxf4 Rg5 46.
a4 Rxg6 47. Rc4 Rg1 48. a5 Kd7 49. Rc7+ Kd6 50. Rc6+ Kd7 51. Kb7 Rb1+ 52. Rb6
Rc1 53. a6 Rc7+ 54. Kb8 Rc8+ 55. Ka7 Rc7+ 56. Rb7 Kc8 57. Ka8 Rc1 58. Rb5 e5 59.
Rxe5 Rb1 60. Re8+ Kc7 61. Re7+ Kc8 62. Ka7 Rb2 63. Rb7 Rc2 64. Rb5 Kc7 65. Rh5
Rc1 66. Rh7+ Kc8 67. Rh4 Kc7 1/2-1/2

[Event "World Rapid 2025"]
[Site "Doha QAT"]
[Date "2025.12.26"]
[Round "4.14"]
[White "Niemann, Hans Moke"]
[Black "Meng, Yihan"]
[Result "1/2-1/2"]
[WhiteTitle "GM"]
[BlackTitle "IM"]
[WhiteElo "2725"]
[BlackElo "2456"]
[WhiteFideId "2093596"]
[BlackFideId "8631891"]
[EventDate "2025.12.26"]
[EventType "rapid"]

1. e4 e6 2. d4 d5 3. Nc3 Nf6 4. e5 Nfd7 5. f4 c5 6. Nf3 Nc6 7. Be3 cxd4 8. Nxd4
Qb6 9. Qd2 Qxb2 10. Rb1 Qa3 11. Bb5 Nxd4 12. Bxd4 a6 13. Bxd7+ Bxd7 14. Rb3 Qe7
15. Rxb7 Rc8 16. O-O Qd8 17. Qe3 Rc4 18. Rfb1 Be7 19. Ra7 Qc8 20. Ne2 O-O 21.
Rbb7 Rd8 22. c3 Bf8 23. h3 Be8 24. Kh2 Rd7 25. Rxd7 Bxd7 26. Nc1 Bb5 27. Nb3 h6
28. Qf2 Rc7 29. Rxc7 Qxc7 30. Bc5 Bc4 31. Bxf8 Kxf8 32. Nd4 Bd3 33. Qb2 Kg8 34.
Qb3 a5 35. h4 Kh7 36. g3 Qc5 37. h5 Be4 38. g4 Qc8 39. Kg3 Qc7 40. Kf2 Qd8 41.
Kg3 Qc7 42. Kh3 Qc8 43. Kg3 Qc7 44. a4 Qc8 45. Kh3 Qc7 46. Kg3 Qc8 1/2-1/2

[Event "World Rapid 2025"]
[Site "Doha QAT"]
[Date "2025.12.26"]
[Round "4.15"]
[White "Mamedov, Rauf"]
[Black "Kosakowski, Jakub"]
[Result "1-0"]
[WhiteTitle "GM"]
[BlackTitle "GM"]
[WhiteElo "2645"]
[BlackElo "2549"]
[WhiteFideId "13401653"]
[BlackFideId "1185080"]
[EventDate "2025.12.26"]
[EventType "rapid"]

1. e4 c5 2. c3 d5 3. exd5 Qxd5 4. d4 Nf6 5. Nf3 e6 6. Na3 a6 7. Nc4 Nbd7 8. Be2
b5 9. Na5 Bd6 10. c4 bxc4 11. Nxc4 O-O 12. Nxd6 Qxd6 13. O-O Bb7 14. dxc5 Qxc5
15. Be3 Qe7 16. Rc1 Nd5 17. Bd2 a5 18. Re1 h6 19. Qa4 Qd6 20. Bb5 Rfd8 21. Qd4
Nf8 22. Ne5 Nf6 23. Qxd6 Rxd6 24. Nc4 Rd4 25. f3 a4 26. Be3 Rd5 27. Na3 Rdd8 28.
Rc7 Ba6 29. Bxa4 Nd5 30. Ra7 Rxa7 31. Bxa7 Nb4 32. Bb3 Rd2 33. Rb1 Nd3 34. Nc4
Bxc4 35. Bxc4 Nxb2 36. Bf1 Na4 37. Rb8 Rxa2 38. Bd4 f6 39. Bc4 Rd2 40. Bxe6+ Kh7
41. Bf5+ g6 42. Rb7+ Kg8 43. Bxf6 Rd1+ 44. Kf2 gxf5 45. Rg7+ Kh8 46. Rd7+ Kg8
47. Rxd1 Kf7 48. Bd4 1-0

[Event "World Rapid 2025"]
[Site "Doha QAT"]
[Date "2025.12.26"]
[Round "4.16"]
[White "Orozbaev, Eldiyar"]
[Black "Motylev, Alexander"]
[Result "1-0"]
[WhiteTitle "IM"]
[BlackTitle "GM"]
[WhiteElo "2348"]
[BlackElo "2573"]
[WhiteFideId "13802240"]
[BlackFideId "4121830"]
[EventDate "2025.12.26"]
[EventType "rapid"]

1. e4 e5 2. Nf3 Nc6 3. Bc4 Bc5 4. c3 Nf6 5. d4 exd4 6. b4 Bb6 7. e5 d5 8. exf6
dxc4 9. Qe2+ Be6 10. b5 Nb4 11. cxb4 Qxf6 12. O-O O-O 13. a4 a5 14. bxa5 Bxa5
15. Bg5 d3 16. Qa2 Qf5 17. Qb2 Bd5 18. Bd2 Bxf3 19. gxf3 Bb6 20. Be3 Rae8 21.
Nd2 Bxe3 22. fxe3 Rxe3 23. Ne4 Rxf3 24. Qd4 Re8 25. Ng3 Rxf1+ 26. Rxf1 Qe6 27.
Nf5 Qb6 28. Qxb6 cxb6 29. Kf2 Re2+ 30. Kf3 Rxh2 31. Ke3 Ra2 32. Nd6 c3 33. Ne4
Rxa4 34. Nxc3 Rc4 35. Kxd3 Rc5 36. Ra1 h5 37. Ra8+ Kh7 38. Rb8 Rc7 39. Nd5 Rd7
40. Ke4 h4 41. Rc8 Rd6 42. Rc7 f6 43. Ne3 Re6+ 44. Kf4 Kg8 45. Nf5 g5+ 46. Kg4
Re5 47. Ne7+ Kf7 48. Nc6+ 1-0

[Event "World Rapid 2025"]
[Site "Doha QAT"]
[Date "2025.12.26"]
[Round "4.17"]
[White "Chanda, Sandipan"]
[Black "Aronian, Levon"]
[Result "1-0"]
[WhiteTitle "GM"]
[BlackTitle "GM"]
[WhiteElo "2490"]
[BlackElo "2729"]
[WhiteFideId "5004225"]
[BlackFideId "13300474"]
[EventDate "2025.12.26"]
[EventType "rapid"]

1. d4 Nf6 2. Nf3 e6 3. Nbd2 d5 4. e3 b6 5. Bb5+ c6 6. Bd3 Bb7 7. b3 Nbd7 8. Bb2
g6 9. Qe2 Bg7 10. Ne5 O-O 11. h4 h5 12. f3 c5 13. Nxd7 Qxd7 14. O-O-O Rac8 15.
Kb1 Rc7 16. g4 c4 17. bxc4 Rfc8 18. Rhg1 hxg4 19. fxg4 dxc4 20. Nxc4 Ne4 21. h5
Qa4 22. h6 Bxh6 23. d5 Bxd5 24. Qh2 Rxc4 25. Bxc4 Bxc4 26. Rd8+ Rxd8 27. Qxh6 f6
28. Rh1 Kf7 29. Qh7+ Ke8 30. Qg7 Rd1+ 31. Rxd1 Bd5 32. Kc1 Kd8 33. Rh1 Qd7 34.
Qxg6 e5 35. Rh8+ 1-0

[Event "World Rapid 2025"]
[Site "Doha QAT"]
[Date "2025.12.26"]
[Round "4.18"]
[White "Firouzja, Alireza"]
[Black "Nesterov, Arseniy"]
[Result "1/2-1/2"]
[WhiteTitle "GM"]
[BlackTitle "GM"]
[WhiteElo "2762"]
[BlackElo "2595"]
[WhiteFideId "12573981"]
[BlackFideId "24198455"]
[EventDate "2025.12.26"]
[EventType "rapid"]

1. e4 e5 2. Nf3 Nf6 3. Nxe5 d6 4. Nf3 Nxe4 5. d4 d5 6. Bd3 Be7 7. O-O Bf5 8. Re1
O-O 9. Nbd2 Nd6 10. Nf1 c6 11. Bf4 Bxd3 12. Qxd3 Na6 13. h4 Nc7 14. Ng5 g6 15.
Nh2 Qd7 16. h5 Bxg5 17. Bxg5 Rfe8 18. Bf6 Rxe1+ 19. Rxe1 Re8 20. Rf1 Re6 21. Be5
gxh5 22. Qh3 Nce8 23. Qxh5 Rg6 24. Re1 Qf5 25. Qh4 Ne4 26. f3 Ng5 27. Bg3 Nf6
28. Re2 Ne6 29. Nf1 Nh5 30. Re5 Nxg3 31. Rxf5 Nxf5 32. Qf2 Nf4 33. Qe1 Rxg2+ 34.
Kh1 Re2 35. Qc1 Nh3 36. c4 Rf2 37. Qc3 Rxf1+ 38. Kg2 Rd1 39. Kxh3 Rxd4 40. cxd5
Rxd5 41. Qb4 Nd6 42. Qg4+ 1/2-1/2

[Event "World Rapid 2025"]
[Site "Doha QAT"]
[Date "2025.12.26"]
[Round "4.19"]
[White "Kadric, Denis"]
[Black "Caruana, Fabiano"]
[Result "0-1"]
[WhiteTitle "GM"]
[BlackTitle "GM"]
[WhiteElo "2543"]
[BlackElo "2795"]
[WhiteFideId "14403803"]
[BlackFideId "2020009"]
[EventDate "2025.12.26"]
[EventType "rapid"]

1. e4 e5 2. Nf3 Nc6 3. Bc4 Bc5 4. c3 Nf6 5. d3 d6 6. Bg5 h6 7. Bh4 a6 8. a4 Ba7
9. Nbd2 Kf8 10. h3 g5 11. Bg3 Nh5 12. Qe2 Qf6 13. Nf1 Ne7 14. d4 Ng6 15. Ne3
Nhf4 16. Qd2 Nxg2+ 17. Nxg2 Qxf3 0-1

[Event "World Rapid 2025"]
[Site "Doha QAT"]
[Date "2025.12.26"]
[Round "4.20"]
[White "Duda, Jan-Krzysztof"]
[Black "Zemlyanskii, Ivan"]
[Result "0-1"]
[WhiteTitle "GM"]
[BlackTitle "GM"]
[WhiteElo "2729"]
[BlackElo "2592"]
[WhiteFideId "1170546"]
[BlackFideId "24249971"]
[EventDate "2025.12.26"]
[EventType "rapid"]

1. e4 c5 2. Nf3 e6 3. d4 cxd4 4. Nxd4 Nf6 5. Nc3 Nc6 6. Ndb5 d6 7. Bf4 e5 8. Bg5
a6 9. Na3 b5 10. Bxf6 gxf6 11. Nd5 f5 12. c3 Bg7 13. Bd3 Be6 14. Nxb5 axb5 15.
Bxb5 Bd7 16. exf5 O-O 17. O-O e4 18. Re1 Rb8 19. a4 Re8 20. Qg4 Kh8 21. Rxe4 Re5
22. Rxe5 Nxe5 23. Qe2 Bxf5 24. a5 Bg4 25. f3 Be6 26. Nb6 Qc7 27. Qe3 d5 28. Kh1
Rd8 29. h3 Ng6 30. Rd1 Ne7 31. f4 Nf5 32. Qf3 d4 33. Bc6 Nh4 34. Qf2 Qxc6 35.
Qxh4 Rg8 36. Rd3 Qe4 37. Rg3 d3 38. Rxg7 Kxg7 39. Qg5+ Qg6 40. Qe5+ Kh6 41. g4
Bxg4 42. hxg4 Qxg4 43. Qd6+ Kh5 44. Qc5+ f5 0-1

[Event "World Rapid 2025"]
[Site "Doha QAT"]
[Date "2025.12.26"]
[Round "4.21"]
[White "Jumabayev, Rinat"]
[Black "Dominguez Perez, Leinier"]
[Result "0-1"]
[WhiteTitle "GM"]
[BlackTitle "GM"]
[WhiteElo "2560"]
[BlackElo "2738"]
[WhiteFideId "13702661"]
[BlackFideId "3503240"]
[EventDate "2025.12.26"]
[EventType "rapid"]

1. Nf3 c5 2. c4 Nf6 3. Nc3 Nc6 4. d4 cxd4 5. Nxd4 e6 6. a3 Bc5 7. Nb3 Bb6 8. Bf4
d5 9. c5 Bc7 10. Bxc7 Qxc7 11. Nb5 Qe5 12. Nd6+ Ke7 13. Qd2 Ne4 14. Nxe4 dxe4
15. e3 Rd8 16. Qc2 Bd7 17. Be2 Rac8 18. O-O Nb8 19. Rac1 Ba4 20. Qc4 b5 21. Qc3
Qxc3 22. Rxc3 Bxb3 23. Rxb3 a6 24. Rc1 Rd2 25. Kf1 Nd7 26. Ke1 Rd5 27. c6 Rc5
28. Rxc5 Nxc5 29. Rc3 Kd6 30. Kd2 Rxc6 31. b3 f5 32. b4 Nd7 33. Rxc6+ Kxc6 34.
Kc3 Nb6 35. Bd1 Kd6 36. Bb3 Ke5 37. Kd2 g5 38. Kc3 h5 39. g3 h4 40. Kd2 h3 41.
Kc3 g4 42. Bd1 Kd6 43. Kb3 Nc4 44. Kc3 Ne5 45. Be2 Nf3 46. Bxf3 exf3 47. Kd4 e5+
48. Kd3 Kd5 49. Kc3 e4 50. Kd2 Kc4 51. Kc2 f4 0-1

[Event "World Rapid 2025"]
[Site "Doha QAT"]
[Date "2025.12.26"]
[Round "4.22"]
[White "Rapport, Richard"]
[Black "Droin, Augustin"]
[Result "1-0"]
[WhiteTitle "GM"]
[BlackTitle "IM"]
[WhiteElo "2741"]
[BlackElo "2480"]
[WhiteFideId "738590"]
[BlackFideId "45105987"]
[EventDate "2025.12.26"]
[EventType "rapid"]

1. e4 c5 2. Nf3 d6 3. Bc4 Nf6 4. d3 Nc6 5. O-O e6 6. Nbd2 Be7 7. Re1 O-O 8. a4
a6 9. c3 Rb8 10. Bb3 b5 11. d4 cxd4 12. cxd4 e5 13. axb5 axb5 14. d5 Nb4 15. Nf1
Na6 16. Ng3 g6 17. h3 Nd7 18. Bh6 Re8 19. Qd2 Ndc5 20. Bc2 b4 21. b3 Bb7 22. Nh2
Nc7 23. Be3 Nb5 24. Ng4 Nc3 25. f4 exf4 26. Bxf4 f6 27. Be3 Nd7 28. Bd4 Ne5 29.
Nh6+ Kg7 30. h4 Ra8 31. h5 Bf8 32. hxg6 hxg6 33. Qf4 Qd7 34. Qh4 Nb5 35. Bxe5
dxe5 36. Ng4 Bc5+ 37. Kf1 Qf7 38. Nf5+ gxf5 39. Qh6+ Kg8 40. Nxf6+ Qxf6 41. Qxf6
fxe4 42. Qg6+ Kh8 43. Rxa8 Rxa8 44. Rxe4 1-0

[Event "World Rapid 2025"]
[Site "Doha QAT"]
[Date "2025.12.26"]
[Round "4.23"]
[White "Puranik, Abhimanyu"]
[Black "So, Wesley"]
[Result "0-1"]
[WhiteTitle "GM"]
[BlackTitle "GM"]
[WhiteElo "2622"]
[BlackElo "2753"]
[WhiteFideId "5061245"]
[BlackFideId "5202213"]
[EventDate "2025.12.26"]
[EventType "rapid"]

1. e4 c5 2. Nf3 d6 3. d4 cxd4 4. Nxd4 Nf6 5. Nc3 a6 6. g3 e5 7. Nde2 Be7 8. Bg2
h5 9. Be3 h4 10. h3 hxg3 11. Nxg3 g6 12. Qd2 Be6 13. O-O-O Nbd7 14. h4 Qa5 15.
a3 Rc8 16. Bh3 Ng4 17. Bg5 Rxc3 18. Bxg4 Rxa3 19. Qxa5 Rxa5 20. Bxe6 Ra1+ 21.
Kd2 Rxd1+ 22. Rxd1 fxe6 23. Ke3 Bxg5+ 24. hxg5 Ke7 25. c3 Rh4 26. Ne2 Nc5 27. f3
Rh2 28. Rg1 d5 29. b4 Na4 30. exd5 exd5 31. f4 Rh3+ 32. Kd2 Ke6 33. fxe5 Kxe5
34. Rf1 Rh5 35. Rf7 b6 36. Nd4 Ke4 37. Re7+ Kf4 38. Ne6+ Kg4 39. Rf7 Rh3 40.
Rf4+ Kh5 41. c4 dxc4 42. Rxc4 Rb3 43. Rf4 b5 44. Rd4 Nb6 45. Kc2 Ra3 46. Rd6 Nc4
47. Rc6 Ne5 48. Rd6 Nc4 49. Rc6 Ne5 50. Rd6 Kg4 51. Rb6 Nc4 52. Rc6 Ne5 53. Rb6
Nd3 54. Nc7 Kh5 55. Nd5 Kxg5 56. Rd6 Kh6 57. Re6 Kh5 58. Kd2 g5 59. Re3 Nb2 60.
Rxa3 Nc4+ 61. Ke2 Nxa3 62. Nc7 Kh4 63. Kf2 Kh3 64. Nxa6 g4 65. Kg1 Nc2 66. Nc7
Nd4 67. Nd5 Kg3 68. Nc3 Kf3 69. Nb1 Ne2+ 70. Kf1 Ng3+ 71. Kg1 Ne2+ 72. Kf1 g3
73. Nd2+ Ke3 74. Nb1 Kf3 75. Nd2+ Ke3 76. Nb1 Nf4 77. Kg1 g2 78. Nc3 Kf3 0-1

[Event "World Rapid 2025"]
[Site "Doha QAT"]
[Date "2025.12.26"]
[Round "4.24"]
[White "Andreikin, Dmitry"]
[Black "Vokhidov, Shamsiddin"]
[Result "1/2-1/2"]
[WhiteTitle "GM"]
[BlackTitle "GM"]
[WhiteElo "2710"]
[BlackElo "2641"]
[WhiteFideId "4158814"]
[BlackFideId "14204223"]
[EventDate "2025.12.26"]
[EventType "rapid"]

1. d4 Nf6 2. c4 e6 3. Nf3 d5 4. Nc3 Be7 5. Bf4 O-O 6. e3 c5 7. dxc5 Bxc5 8. Be2
dxc4 9. O-O Nd5 10. Ne4 Nxf4 11. exf4 Be7 12. Qc2 Qc7 13. Ne5 b5 14. a4 Nd7 15.
axb5 Nxe5 16. fxe5 Qxe5 17. Bf3 Bb7 18. Ng5 Qxg5 19. Bxb7 Rad8 20. Qxc4 Bc5 21.
Rad1 Bb6 22. Qe2 g6 23. g3 Qf6 24. Kg2 Rd4 25. Rxd4 Bxd4 26. b3 Rd8 27. Rd1 Kg7
28. Qf3 Qg5 29. Bc6 Bb6 30. Rxd8 Qxd8 31. Qc3+ Bd4 32. Qf3 Qe7 33. Qd3 Qc5 34.
Qf3 Kf8 35. Qf4 Kg7 36. Bf3 h5 1/2-1/2

[Event "World Rapid 2025"]
[Site "Doha QAT"]
[Date "2025.12.26"]
[Round "4.25"]
[White "Nogerbek, Kazybek"]
[Black "Santos Latasa, Jaime"]
[Result "1/2-1/2"]
[WhiteTitle "GM"]
[BlackTitle "GM"]
[WhiteElo "2539"]
[BlackElo "2616"]
[WhiteFideId "13710427"]
[BlackFideId "2293307"]
[EventDate "2025.12.26"]
[EventType "rapid"]

1. e4 c5 2. Nf3 d6 3. d4 cxd4 4. Nxd4 Nf6 5. Nc3 a6 6. f4 e5 7. Nf3 Nbd7 8. a4
Be7 9. Bc4 Qa5 10. Qe2 b5 11. Ba2 b4 12. Nd5 Bb7 13. Nxe7 Kxe7 14. O-O Bxe4 15.
fxe5 dxe5 16. Bg5 Qc5+ 17. Kh1 Bg6 18. Rad1 Rhe8 19. Nh4 Rad8 20. Nxg6+ hxg6 21.
Qxa6 Kf8 22. Rxd7 Rxd7 23. Bxf6 Qxc2 24. Bxg7+ Kxg7 25. Qf6+ Kh7 26. Bxf7 Red8
27. Qh4+ Kg7 28. Qf6+ Kh7 29. Qh4+ 1/2-1/2

[Event "World Rapid 2025"]
[Site "Doha QAT"]
[Date "2025.12.26"]
[Round "4.26"]
[White "Nihal, Sarin"]
[Black "Sahidi, Samir"]
[Result "1-0"]
[WhiteTitle "GM"]
[BlackTitle "IM"]
[WhiteElo "2701"]
[BlackElo "2516"]
[WhiteFideId "25092340"]
[BlackFideId "14936372"]
[EventDate "2025.12.26"]
[EventType "rapid"]

1. e4 e5 2. Nc3 Nc6 3. Bc4 Nf6 4. d3 Bb4 5. Ne2 d5 6. exd5 Nxd5 7. O-O Nxc3 8.
bxc3 Bd6 9. f4 O-O 10. f5 Na5 11. Bb3 Nxb3 12. axb3 b6 13. f6 g6 14. Ng3 Bb7 15.
Qg4 Re8 16. Bh6 Qc8 17. Nf5 Qe6 18. Bg7 h5 19. Qg5 Qd5 20. Ne3 Bc5 21. d4 1-0

[Event "World Rapid 2025"]
[Site "Doha QAT"]
[Date "2025.12.26"]
[Round "4.27"]
[White "Pantsulaia, Levan"]
[Black "Praggnanandhaa, R"]
[Result "0-1"]
[WhiteTitle "GM"]
[BlackTitle "GM"]
[WhiteElo "2472"]
[BlackElo "2761"]
[WhiteFideId "13602071"]
[BlackFideId "25059530"]
[EventDate "2025.12.26"]
[EventType "rapid"]

1. Nf3 d5 2. c4 d4 3. b4 c5 4. b5 Nd7 5. g3 e5 6. d3 Ngf6 7. Bg2 Bd6 8. O-O O-O
9. a4 a6 10. e3 h6 11. Re1 Ra7 12. Ra2 axb5 13. cxb5 Nb6 14. exd4 exd4 15. a5
Nbd5 16. Bd2 Be6 17. Ra4 Bd7 18. Na3 Nb4 19. Qb3 Bc7 20. Nxd4 Bxa5 21. Bxb4 Bxb4
22. Rxa7 Bxe1 23. Ndc2 Re8 24. Qb1 Qe7 25. Rxb7 Qe2 26. f3 Qf2+ 27. Kh1 Re2 0-1

[Event "World Rapid 2025"]
[Site "Doha QAT"]
[Date "2025.12.26"]
[Round "4.28"]
[White "Radjabov, Teimour"]
[Black "Makhnev, Denis"]
[Result "0-1"]
[WhiteTitle "GM"]
[BlackTitle "GM"]
[WhiteElo "2692"]
[BlackElo "2532"]
[WhiteFideId "13400924"]
[BlackFideId "13707647"]
[EventDate "2025.12.26"]
[EventType "rapid"]

1. Nf3 d5 2. b3 Nf6 3. Bb2 Bf5 4. g3 h6 5. Bg2 e6 6. O-O Be7 7. c4 O-O 8. d3 a5
9. Nbd2 Bh7 10. a3 c6 11. Qc2 Nbd7 12. Rfc1 Bd6 13. Re1 e5 14. e4 dxe4 15. Nxe4
Nxe4 16. dxe4 Qc7 17. Nh4 Rfe8 18. Nf5 Bc5 19. Rad1 Nf6 20. Bf3 Rad8 21. Kg2
Rxd1 22. Qxd1 Bxf5 23. exf5 e4 24. Bxe4 Rxe4 25. Rxe4 Nxe4 26. Qg4 Ng5 27. h4
Qd8 28. b4 axb4 29. axb4 Bxf2 30. Bc1 Nh7 31. Kxf2 Nf6 32. Qe2 Qb6+ 33. Kg2 Qxb4
34. Bb2 b5 35. cxb5 cxb5 36. Kh3 Qe4 37. Qxe4 Nxe4 38. Kg4 b4 39. Kf4 Nd6 0-1

[Event "World Rapid 2025"]
[Site "Doha QAT"]
[Date "2025.12.26"]
[Round "4.29"]
[White "Rakhmanov, Aleksandr"]
[Black "Sevian, Samuel"]
[Result "1/2-1/2"]
[WhiteTitle "GM"]
[BlackTitle "GM"]
[WhiteElo "2585"]
[BlackElo "2688"]
[WhiteFideId "4173708"]
[BlackFideId "2040506"]
[EventDate "2025.12.26"]
[EventType "rapid"]

1. c4 e5 2. Nf3 d6 3. d4 e4 4. Ng5 f5 5. Nc3 Be7 6. Nh3 Nf6 7. g3 O-O 8. Bg2 c6
9. d5 Nbd7 10. O-O Ne5 11. b3 Bd7 12. Kh1 Rc8 13. f3 Qa5 14. Qd2 exf3 15. exf3
Kh8 16. Nf4 Rfe8 17. Bb2 Bf8 18. Rad1 a6 19. dxc6 bxc6 20. Na4 Qc7 21. Bc3 Rb8
22. Ba1 Rbd8 23. Bc3 Rb8 24. Ba1 Rbd8 25. Qf2 c5 26. Nc3 Bc6 27. Nfd5 Nxd5 28.
Nxd5 Qf7 29. Rfe1 Re6 30. f4 Ng4 31. Qd2 Rh6 32. h3 Bxd5 33. cxd5 Nf6 34. Bxf6
Rxf6 35. Qd3 Qb7 36. Re6 Rf7 37. Rde1 Kg8 38. h4 Qb5 39. Qc2 a5 40. Bf1 Qb7 41.
Bc4 Be7 42. a4 Qc7 43. Kh2 Rdf8 44. Bb5 Bf6 45. R1e2 g6 46. Qd2 Re7 47. Qe1 Rxe6
48. dxe6 Be7 49. Qh1 Rb8 50. h5 Qd8 51. Qd5 Qf8 52. hxg6 hxg6 53. Kg2 Qf6 54.
Bc4 Kg7 55. Qd2 Rb4 56. Re1 Qf8 57. Rh1 Qa8+ 58. Bd5 Qa6 59. Bc4 Qb7+ 60. Kg1
Qf3 61. Rh3 Bf6 62. Kh2 Rb8 63. Bd5 Qf1 64. Bg2 Qa6 65. Bd5 Bd4 66. Qe1 Re8 67.
Qd1 Qb6 68. g4 Qb4 69. gxf5 Bf6 70. Bc4 Rh8 71. Rxh8 Kxh8 72. Qxd6 Qe1 73. Qf8+
Kh7 74. fxg6+ Kxg6 75. Bd3+ Kh5 76. Qf7+ Kg4 77. Qg6+ Kf3 78. Qg2+ Kxf4 79. Bc4
Qh4+ 80. Kg1 Qe1+ 81. Qf1+ Qxf1+ 82. Kxf1 Ke5 83. Ke2 Kd6 84. Kf3 Bc3 85. Ke4
Ke7 86. Kd5 Be1 87. Kxc5 Bd2 1/2-1/2

[Event "World Rapid 2025"]
[Site "Doha QAT"]
[Date "2025.12.26"]
[Round "4.30"]
[White "Esipenko, Andrey"]
[Black "Kobalia, Mikhail"]
[Result "1-0"]
[WhiteTitle "GM"]
[BlackTitle "GM"]
[WhiteElo "2698"]
[BlackElo "2537"]
[WhiteFideId "24175439"]
[BlackFideId "4119150"]
[EventDate "2025.12.26"]
[EventType "rapid"]

1. e4 e5 2. Nf3 Nc6 3. Bb5 Nf6 4. d4 exd4 5. O-O Be7 6. e5 Ne4 7. Re1 Nc5 8.
Nxd4 Nxd4 9. Qxd4 O-O 10. Nc3 c6 11. Bc4 d5 12. exd6 Qxd6 13. Qxd6 Bxd6 14. Be3
Be6 15. Rad1 Bxc4 16. Rxd6 Na6 17. Red1 Be6 18. R1d2 h6 19. h3 Rfc8 20. b3 Nc7
21. Ne4 Nb5 22. R6d3 Bf5 23. f3 Re8 24. Kf2 b6 25. c4 Bxe4 26. fxe4 Nc7 27. Rd7
Rac8 28. R2d6 c5 29. Rc6 Na6 30. Rxc8 Rxc8 31. Rxa7 Nb4 32. a4 Nc2 1-0

[Event "World Rapid 2025"]
[Site "Doha QAT"]
[Date "2025.12.26"]
[Round "4.31"]
[White "Sanal, Vahap"]
[Black "Le, Quang Liem"]
[Result "1/2-1/2"]
[WhiteTitle "GM"]
[BlackTitle "GM"]
[WhiteElo "2546"]
[BlackElo "2731"]
[WhiteFideId "6300545"]
[BlackFideId "12401137"]
[EventDate "2025.12.26"]
[EventType "rapid"]

1. d4 d5 2. Nf3 Nf6 3. e3 c5 4. Bb5+ Bd7 5. Be2 Nc6 6. O-O Rc8 7. dxc5 e6 8. a3
a5 9. b3 Bxc5 10. Bb2 O-O 11. Nbd2 Qe7 12. c4 Rfd8 13. Qb1 h6 14. Re1 Be8 15.
cxd5 Nxd5 16. Ne4 Bb6 17. Ng3 Na7 18. Bc4 Nf6 19. Ne4 Nd5 20. Ng3 Nf6 21. Ne4
Nd5 22. Ng3 Nf6 1/2-1/2

[Event "World Rapid 2025"]
[Site "Doha QAT"]
[Date "2025.12.26"]
[Round "4.32"]
[White "Jobava, Baadur"]
[Black "Tin, Jingyao"]
[Result "1/2-1/2"]
[WhiteTitle "GM"]
[BlackTitle "GM"]
[WhiteElo "2568"]
[BlackElo "2584"]
[WhiteFideId "13601520"]
[BlackFideId "5804418"]
[EventDate "2025.12.26"]
[EventType "rapid"]

1. e4 e5 2. Nf3 Nc6 3. c3 Nf6 4. d3 d6 5. Be2 g6 6. O-O Bg7 7. Nbd2 O-O 8. Re1
h6 9. a4 a5 10. Nf1 Nh7 11. Ng3 Re8 12. h4 h5 13. Nf1 d5 14. g3 Be6 15. Ne3 d4
16. Nc2 Qd7 17. Bd2 Bg4 18. cxd4 Bxf3 19. Bxf3 Nxd4 20. Nxd4 Qxd4 21. Be3 Qd7
22. Kg2 Red8 23. Qb3 c6 24. Be2 Nf8 25. Bb6 Rdc8 26. Qc3 Ra6 27. Bxa5 Rca8 28.
Bb4 Rxa4 29. Rxa4 Rxa4 30. Bd1 Ra1 31. Bg4 Qxg4 32. f3 Qd7 33. Rxa1 Ne6 34. Qd2
g5 35. Rh1 Bf6 36. hxg5 Bxg5 37. Qe2 h4 38. Bd2 Qe7 39. Rh3 Qf6 40. f4 exf4 41.
gxh4 Bh6 42. Qg4+ Kf8 43. Bc3 Qd8 44. Rf3 Qb6 45. Qh5 Bg7 46. Bxg7+ Kxg7 47.
Qe5+ Kf8 48. h5 Qb3 49. h6 Qc2+ 50. Rf2 Qxd3 51. h7 Qg3+ 52. Kf1 Qh3+ 53. Kg1
Qg3+ 54. Kf1 Qh3+ 55. Ke1 Qxh7 56. Qb8+ Kg7 57. Qe5+ Kf8 58. Qd6+ Ke8 59. Qb8+
Ke7 60. Qxb7+ Kf6 61. Qxc6 Qh1+ 62. Kd2 Qh4 63. Qc3+ Ke7 64. Qf3 Ng5 65. Qa3+
Kf6 66. Qd6+ Ne6 67. e5+ Kf5 68. Re2 Qg3 69. Qd7 Kg6 70. Qd3+ Kg5 71. Qxg3+ fxg3
72. Ke3 Kg4 73. b4 Kh3 74. b5 g2 75. Re1 Nc7 76. Kf2 Nxb5 77. Re3+ Kg4 78. Kxg2
Kf4 79. Re1 Nd4 80. Kh3 Nf3 81. Rf1 Ke4 82. Kg3 Nxe5 83. Re1+ Kf5 84. Ra1 f6 85.
Ra5 Kg5 86. Ra1 Kf5 87. Rf1+ Kg5 88. Kf2 Kf5 89. Ke3+ Ke6 90. Ke4 Nf7 91. Ra1
Nd6+ 92. Kf4 Kd5 93. Re1 Nb5 94. Kf5 Nd4+ 95. Kxf6 Nc6 96. Rd1+ Ke4 97. Rh1 Nd4
98. Rh5 Nf3 99. Rb5 Nd4 100. Ra5 Nc6 101. Rc5 Nd4 102. Re5+ Kf4 103. Re8 Nf3
104. Ke6 Ke4 105. Kd6+ Kd4 106. Rf8 Ke4 107. Rf7 Nd2 108. Ra7 Nf3 109. Ra4+ Kf5
110. Kd5 Ng5 111. Ra8 Kf4 112. Rf8+ Ke3 113. Rf6 Nf3 114. Rf5 Nd2 115. Re5+ Kf4
116. Re2 Nf3 117. Re4+ Kf5 118. Ra4 Ng5 1/2-1/2